[Event "SVK-chT3B2 1314"]
[Site "Slovakia"]
[Date "2014.03.09"]
[Round "9.3"]
[White "Kurtulik, Anton"]
[Black "Poliakova, Emma"]
[Result "1/2-1/2"]
[WhiteElo "1849"]
[BlackElo "1613"]
[PlyCount "65"]
[EventDate "2013.10.13"]
[EventType "team-tourn"]
[EventRounds "14"]
[EventCountry "SVK"]
[SourceTitle "EXT 2015"]
[Source "ChessBase"]
[SourceDate "2014.11.20"]
[SourceVersion "1"]
[SourceVersionDate "2014.11.20"]
[SourceQuality "1"]
[WhiteTeam "Prievidza SK III"]
[BlackTeam "Dubnica nad Vahom III"]
[WhiteTeamCountry "SVK"]
[BlackTeamCountry "SVK"]

1. d4 d5 2. Nf3 Nc6 3. e3 Bg4 4. a3 Nf6 5. Bd3 e5 6. dxe5 Nxe5 7. Be2 Bxf3 8. Bxf3 Bd6 9. h3 0-0 10. 0-0 c6 11. Nc3 Bc7 12. Be2 Qd6 13. g3 Qe6 14. Kg2 Rad8 15. Bf3 Rfe8 16. Qe2 Rd7 17. Rd1 Red8 18. b4 Nxf3 19. Qxf3 Ne4 20. Bb2 f5 21. Ne2 Rf7 22. Nd4 Qg6 23. Ne2 Rdf8 24. Nf4 Qd6 25. h4 g6 26. Rh1 Qe7 27. Qd1 Nf6 28. Bd4 b6 29. Bb2 Qe4+ 30. Kg1 Bxf4 31. exf4 Ng4 32. Qd4 Qxd4 33. Bxd4 1/2-1/2

[Event "SVK-chT2B 1314"]
[Site "Slovakia"]
[Date "2014.01.12"]
[Round "6.5"]
[White "Kurtulik, Anton"]
[Black "Blazek, Milos"]
[Result "0-1"]
[WhiteElo "1849"]
[BlackElo "2047"]
[PlyCount "90"]
[EventDate "2013.10.19"]
[EventType "team-tourn"]
[EventRounds "11"]
[EventCountry "SVK"]
[SourceTitle "EXT 2015"]
[Source "ChessBase"]
[SourceDate "2014.11.20"]
[SourceVersion "1"]
[SourceVersionDate "2014.11.20"]
[SourceQuality "1"]
[WhiteTeam "Prievidza II"]
[BlackTeam "Trencin II"]
[WhiteTeamCountry "SVK"]
[BlackTeamCountry "SVK"]

1. d4 Nf6 2. Nf3 e6 3. e3 d5 4. Bd3 c5 5. 0-0 Nc6 6. c3 Be7 7. Nbd2 0-0 8. Qc2 g6 9. a3 b6 10. b4 Bb7 11. Re1 Rc8 12. Qb2 Qc7 13. e4 dxe4 14. Nxe4 cxd4 15. cxd4 Rfd8 16. Nxf6+ Bxf6 17. Be3 Ne7 18. Rac1 Qd6 19. Rxc8 Rxc8 20. Qe2 Bxf3 21. Qxf3 Bxd4 22. Rd1 Bxe3 23. fxe3 Qe5 24. Rf1 f5 25. Qf4 Qxf4 26. exf4 Rc3 27. Bb5 Nd5 28. g3 Kf7 29. Ra1 h5 30. Bf1 h4 31. Kf2 Rc2+ 32. Kg1 Kf6 33. b5 hxg3 34. hxg3 Nc3 35. a4 Ne2+ 36. Bxe2 Rxe2 37. a5 Rb2 38. axb6 axb6 39. Rc1 Rxb5 40. Rc6 Rb2 41. Kf1 b5 42. Rb6 b4 43. Kg1 b3 44. Kf1 Kg7 45. Rxe6 Rc2 0-1

[Event "SVK-chT3B2 1314"]
[Site "Slovakia"]
[Date "2013.12.15"]
[Round "5.1"]
[White "Mruskovic, Peter"]
[Black "Kurtulik, Anton"]
[Result "0-1"]
[WhiteElo "1931"]
[BlackElo "1849"]
[PlyCount "73"]
[EventDate "2013.10.13"]
[EventType "team-tourn"]
[EventRounds "14"]
[EventCountry "SVK"]
[SourceTitle "EXT 2015"]
[Source "ChessBase"]
[SourceDate "2014.11.20"]
[SourceVersion "1"]
[SourceVersionDate "2014.11.20"]
[SourceQuality "1"]
[WhiteTeam "Povazske Podhradie SK"]
[BlackTeam "Prievidza SK III"]
[WhiteTeamCountry "SVK"]
[BlackTeamCountry "SVK"]

1. c4 Nf6 2. Nf3 e6 3. e3 d5 4. Be2 Bd6 5. 0-0 0-0 6. d4 b6 7. Nc3 Bb7 8. a3 dxc4 9. Bxc4 a6 10. h3 Nbd7 11. b4 Ne4 12. Bb2 Nxc3 13. Bxc3 Nf6 14. Nd2 Qd7 15. Bd3 Qc6 16. f3 Qxc3 17. Qe2 Qc6 18. Ne4 Nd5 19. Qf2 Be7 20. Qg3 Nxe3 21. Rfc1 Qd7 22. Qxc7 Rfd8 23. Qxb6 Nd5 24. Qa5 Rdc8 25. Nc5 Bxc5 26. bxc5 Nf4 27. Qc3 Nxd3 28. Qxd3 e5 29. Rab1 Bc6 30. Rd1 Rd8 31. Rb6 Bb5 32. Qe4 Qd5 33. Rd6 Qxe4 34. fxe4 exd4 35. R1xd4 Rxd6 36. cxd6 f6 37. a4 0-1

[Event "SVK-chT2B 1314"]
[Site "Slovakia"]
[Date "2013.11.24"]
[Round "4.5"]
[White "Hlavina, Lubomir"]
[Black "Kurtulik, Anton"]
[Result "1/2-1/2"]
[WhiteElo "1924"]
[BlackElo "1849"]
[PlyCount "50"]
[EventDate "2013.10.19"]
[EventType "team-tourn"]
[EventRounds "11"]
[EventCountry "SVK"]
[SourceTitle "EXT 2015"]
[Source "ChessBase"]
[SourceDate "2014.11.20"]
[SourceVersion "1"]
[SourceVersionDate "2014.11.20"]
[SourceQuality "1"]
[WhiteTeam "Nitra ASK"]
[BlackTeam "Prievidza II"]
[WhiteTeamCountry "SVK"]
[BlackTeamCountry "SVK"]

1. e4 c5 2. Nf3 Nc6 3. d4 cxd4 4. Nxd4 d6 5. c4 a6 6. Nc3 e6 7. Be3 Be7 8. Be2 Nf6 9. 0-0 0-0 10. Qd2 Qc7 11. a3 Ne5 12. Rac1 Bd7 13. b4 Qd8 14. f3 Rc8 15. Nd1 Qe8 16. Nb2 Nc6 17. Nb3 e5 18. Bg5 Be6 19. Rfd1 Rd8 20. Na1 Nd4 21. Be3 Nxe2+ 22. Qxe2 Rc8 23. Nb3 b5 24. Nd2 Qc6 25. Kf2 Qb7 1/2-1/2

[Event "SVK-chT2B 1314"]
[Site "Slovakia"]
[Date "2013.11.23"]
[Round "3.5"]
[White "Kurtulik, Anton"]
[Black "Pales, Dusan"]
[Result "1/2-1/2"]
[WhiteElo "1849"]
[BlackElo "2014"]
[PlyCount "90"]
[EventDate "2013.10.19"]
[EventType "team-tourn"]
[EventRounds "11"]
[EventCountry "SVK"]
[SourceTitle "EXT 2015"]
[Source "ChessBase"]
[SourceDate "2014.11.20"]
[SourceVersion "1"]
[SourceVersionDate "2014.11.20"]
[SourceQuality "1"]
[WhiteTeam "Prievidza II"]
[BlackTeam "Nitra NSK II"]
[WhiteTeamCountry "SVK"]
[BlackTeamCountry "SVK"]

1. d4 Nf6 2. Nf3 d6 3. e3 g6 4. Bd3 Bg7 5. 0-0 0-0 6. c4 Nbd7 7. Nc3 e5 8. dxe5 Nxe5 9. Nxe5 dxe5 10. e4 c6 11. h3 Be6 12. Be3 Qd7 13. Be2 Qc7 14. b3 Nd7 15. Qc1 f5 16. Bh6 Nf6 17. Bxg7 Kxg7 18. Bf3 Rad8 19. Qc2 Rd4 20. Ne2 Rd7 21. Nc3 Rfd8 22. Rad1 Qa5 23. Rxd7+ Rxd7 24. Rd1 Rxd1+ 25. Bxd1 fxe4 26. Kf1 Qd8 27. Ke2 Qd4 28. Qd2 h5 29. Bc2 Bf5 30. Qe3 b6 31. Ke1 h4 32. Kf1 Qxe3 33. fxe3 Kf7 34. Kf2 g5 35. Kf1 Ke6 36. Kg1 Kd6 37. b4 Be6 38. Bb3 a6 39. Na4 Kc7 40. Nc3 c5 41. bxc5 bxc5 42. Kf1 Bd7 43. Bc2 Bc6 44. Ke1 Kd6 45. Kd2 Ke6 1/2-1/2

[Event "SVK-chT2B 1213"]
[Site "Slovakia"]
[Date "2012.12.01"]
[Round "3"]
[White "Kurtulik, Anton"]
[Black "Rybar, Peter"]
[Result "1-0"]
[WhiteElo "1844"]
[BlackElo "1845"]
[PlyCount "101"]
[EventDate "2012.10.13"]
[EventType "team-tourn"]
[EventRounds "11"]
[EventCountry "SVK"]
[SourceTitle "EXT 2015"]
[Source "ChessBase"]
[SourceDate "2014.11.20"]
[SourceVersion "1"]
[SourceVersionDate "2014.11.20"]
[SourceQuality "1"]
[WhiteTeam "Prievidza II"]
[BlackTeam "Surany"]
[WhiteTeamCountry "SVK"]
[BlackTeamCountry "SVK"]

1. d4 d5 2. Nf3 e6 3. e3 Nf6 4. Bd3 c5 5. 0-0 Nc6 6. c4 dxc4 7. Bxc4 Be7 8. Nc3 0-0 9. a3 a6 10. dxc5 Bxc5 11. Qc2 Qe7 12. Ne4 Nxe4 13. Qxe4 Kh8 14. b4 Bd6 15. Bb2 f5 16. Qc2 e5 17. e4 Be6 18. Bxe6 Qxe6 19. Rae1 Rae8 20. Qb1 f4 21. Qa1 h6 22. Rd1 g5 23. Rd5 Kh7 24. Rfd1 Bb8 25. Rd7+ Re7 26. Rxe7+ Qxe7 27. Rd5 Rd8 28. Qd1 Rxd5 29. Qxd5 Qd6 30. h3 Qxd5 31. exd5 Nd4 32. Nxd4 exd4 33. Bxd4 Kg6 34. Kf1 Kf5 35. f3 Be5 36. Bc5 Bb2 37. a4 Ke5 38. d6 Ke6 39. Ke2 b6 40. Bxb6 Kxd6 41. Kd3 Kd5 42. b5 axb5 43. axb5 Bf6 44. Bc7 Be7 45. b6 Kc6 46. Ke4 h5 47. h4 g4 48. fxg4 hxg4 49. h5 f3 50. gxf3 gxf3 51. Kxf3 1-0

[Event "SVK-chT3B2 1213"]
[Site "Slovakia"]
[Date "2012.11.25"]
[Round "3.2"]
[White "Kurtulik, Anton"]
[Black "Bielik, Peter"]
[Result "1/2-1/2"]
[WhiteElo "1844"]
[BlackElo "1919"]
[PlyCount "59"]
[EventDate "2012.10.28"]
[EventType "team-tourn"]
[EventRounds "14"]
[EventCountry "SVK"]
[SourceTitle "EXT 2022"]
[Source "ChessBase"]
[SourceDate "2021.10.06"]
[SourceVersion "1"]
[SourceVersionDate "2021.10.06"]
[SourceQuality "1"]
[WhiteTeam "Prievidza SK III"]
[BlackTeam "Podhradie Povazske"]
[WhiteTeamCountry "SVK"]
[BlackTeamCountry "SVK"]

1. d4 d5 2. Nf3 Nf6 3. e3 e6 4. Bd3 c5 5. 0-0 c4 6. Be2 Bd6 7. b3 cxb3 8. axb3 0-0 9. Ba3 Bxa3 10. Rxa3 Nc6 11. c4 a6 12. Nc3 Bd7 13. Qb1 Qe7 14. Ra1 Nb4 15. Ne5 Ne8 16. Nxd7 Qxd7 17. Bf3 Nf6 18. Na4 Qc7 19. Rc1 Rac8 20. Be2 Qe7 21. Qb2 Nc6 22. f4 Ne4 23. Bf3 f5 24. Bxe4 fxe4 25. Nb6 Rcd8 26. Rf1 Qc7 27. c5 Nb4 28. Qd2 Nd3 29. Na4 Qe7 30. Nb2 1/2-1/2

[Event "SVK-chT3B2 1213"]
[Site "Slovakia"]
[Date "2012.11.11"]
[Round "2.3"]
[White "Kurtulik, Anton"]
[Black "Belak, Stefan"]
[Result "1/2-1/2"]
[WhiteElo "1844"]
[BlackElo "2001"]
[PlyCount "86"]
[EventDate "2012.10.28"]
[EventType "team-tourn"]
[EventRounds "14"]
[EventCountry "SVK"]
[SourceTitle "EXT 2022"]
[Source "ChessBase"]
[SourceDate "2021.10.06"]
[SourceVersion "1"]
[SourceVersionDate "2021.10.06"]
[SourceQuality "1"]
[WhiteTeam "Prievidza SK III"]
[BlackTeam "Povazska Bystrica II"]
[WhiteTeamCountry "SVK"]
[BlackTeamCountry "SVK"]

1. d4 d5 2. Nf3 Nc6 3. e3 Bg4 4. Be2 e6 5. 0-0 Nf6 6. Nbd2 Be7 7. c4 0-0 8. b3 Re8 9. Bb2 Bf8 10. Re1 a5 11. Qc2 Bf5 12. Qd1 Nb4 13. Rf1 Bc2 14. Qc1 Bd3 15. Bxd3 Nxd3 16. Qc3 Nxb2 17. Qxb2 g6 18. Qc2 Bg7 19. Rac1 c6 20. Rfd1 Qc7 21. e4 dxe4 22. Nxe4 Nxe4 23. Qxe4 Rad8 24. Qh4 Qe7 25. Qf4 Qd6 26. Qh4 Qa3 27. Rc2 a4 28. Rd3 e5 29. Re3 exd4 30. Rd3 c5 31. g3 axb3 32. axb3 Qa8 33. Qf4 b6 34. h4 Qe4 35. Qxe4 Rxe4 36. Ra2 h6 37. Kf1 Re7 38. Ra6 Rb7 39. Nd2 f5 40. Nf3 Re8 41. Nd2 Kf7 42. Nf3 Bf6 43. Ra2 Re6 1/2-1/2

[Event "SVK-chT2B 1213"]
[Site "Slovakia"]
[Date "2012.10.14"]
[Round "2.5"]
[White "Kurtulik, Anton"]
[Black "Kunovsky, Daniel"]
[Result "1/2-1/2"]
[WhiteElo "1844"]
[BlackElo "2058"]
[PlyCount "90"]
[EventDate "2012.10.13"]
[EventType "team-tourn"]
[EventRounds "11"]
[EventCountry "SVK"]
[SourceTitle "EXT 2015"]
[Source "ChessBase"]
[SourceDate "2014.11.20"]
[SourceVersion "1"]
[SourceVersionDate "2014.11.20"]
[SourceQuality "1"]
[WhiteTeam "Prievidza II"]
[BlackTeam "Sala"]
[WhiteTeamCountry "SVK"]
[BlackTeamCountry "SVK"]

1. d4 Nf6 2. Nf3 g6 3. e3 Bg7 4. Bd3 d5 5. 0-0 0-0 6. Nbd2 Nbd7 7. Re1 c5 8. c3 cxd4 9. exd4 Re8 10. Nf1 Nh5 11. Ng3 Nxg3 12. hxg3 Qb6 13. Qc2 Nf6 14. Ne5 Ng4 15. Nxg4 Bxg4 16. Bf4 Rac8 17. Qd2 f6 18. Rab1 e5 19. dxe5 fxe5 20. Bh6 Bf6 21. Bg5 Bh8 22. Bc2 Qc5 23. Bb3 Be6 24. Be3 Qa5 25. Rbd1 Rcd8 26. Bg5 Rd6 27. Qe2 Bg7 28. Qf3 b6 29. Qe3 Bg4 30. f3 Be6 31. Kh2 Qc5 32. Qe2 b5 33. Be3 d4 34. Bxe6+ Rdxe6 35. Bf2 Qc6 36. cxd4 exd4 37. Qd3 Rxe1 38. Rxe1 Rxe1 39. Bxe1 Qc4 40. Qe4 d3 41. Qe8+ Bf8 42. Qd8 b4 43. a3 bxa3 44. bxa3 a6 45. Bb4 Qf7 1/2-1/2

[Event "SVK-chT2B 1112"]
[Site "Slovakia"]
[Date "2011.11.05"]
[Round "3.2"]
[White "Kurtulik, Anton"]
[Black "Nikel, Rastislav"]
[Result "0-1"]
[WhiteElo "1871"]
[BlackElo "1997"]
[PlyCount "64"]
[EventDate "2011.10.08"]
[EventType "team-tourn"]
[EventRounds "11"]
[EventCountry "SVK"]
[SourceTitle "EXT 2013"]
[Source "ChessBase"]
[SourceDate "2012.11.22"]
[SourceVersion "1"]
[SourceVersionDate "2012.11.22"]
[SourceQuality "1"]
[WhiteTeam "Prievidza SK III"]
[BlackTeam "Levice"]
[WhiteTeamCountry "SVK"]
[BlackTeamCountry "SVK"]

1. d4 f5 2. Nf3 g6 3. e3 Bg7 4. c4 d6 5. Nc3 Nc6 6. Be2 e5 7. d5 Nce7 8. 0-0 h6 9. Qb3 Nf6 10. Nd2 0-0 11. e4 f4 12. Nf3 g5 13. c5 g4 14. cxd6 cxd6 15. Nxe5 dxe5 16. d6+ Kh7 17. dxe7 Qxe7 18. Nd5 Nxd5 19. Qxd5 f3 20. Bc4 Qh4 21. Be3 fxg2 22. Rfd1 Qh5 23. Rac1 g3 24. fxg3 Bg4 25. Re1 b6 26. Qd2 Bh3 27. Qe2 Rf3 28. Bf2 Raf8 29. Qd1 Bg4 30. Be2 Rxf2 31. Bxg4 Rf1+ 32. Rxf1 gxf1Q+ 0-1

[Event "SVK-chT3B2 1112"]
[Site "Slovakia"]
[Date "2011.10.23"]
[Round "1.2"]
[White "Adamik, Jan"]
[Black "Kurtulik, Anton"]
[Result "0-1"]
[WhiteElo "1780"]
[BlackElo "1871"]
[PlyCount "64"]
[EventDate "2011.10.23"]
[EventType "team-tourn"]
[EventRounds "9"]
[EventCountry "SVK"]
[SourceTitle "EXT 2013"]
[Source "ChessBase"]
[SourceDate "2012.11.22"]
[SourceVersion "1"]
[SourceVersionDate "2012.11.22"]
[SourceQuality "1"]
[WhiteTeam "Lehota pod Vtacnikom"]
[BlackTeam "Prievidza SK IV"]
[WhiteTeamCountry "SVK"]
[BlackTeamCountry "SVK"]

1. e4 c5 2. Nf3 Nc6 3. d4 cxd4 4. Nxd4 d6 5. Bc4 e6 6. 0-0 Nf6 7. Nxc6 bxc6 8. e5 Nd5 9. exd6 Bxd6 10. Nd2 0-0 11. Nf3 Be7 12. Bd3 h6 13. Ne5 Qc7 14. Nf3 Nf4 15. Bxf4 Qxf4 16. Qd2 Qc7 17. b4 Rd8 18. Qe3 Bf6 19. Rab1 e5 20. Rfe1 Re8 21. Qe4 g6 22. b5 Bf5 23. Qxc6 Qxc6 24. bxc6 e4 25. c7 exd3 26. Rxe8+ Rxe8 27. Rb8 Rc8 28. cxd3 Kg7 29. d4 Rxc7 30. h3 Rc1+ 31. Kh2 Rc2 32. d5 Be4 0-1

[Event "Prievidza op"]
[Site "Prievidza"]
[Date "2009.08.14"]
[Round "7"]
[White "Kurtulik, Anton"]
[Black "Detko, Jan"]
[Result "1-0"]
[WhiteElo "1903"]
[BlackElo "2098"]
[PlyCount "123"]
[EventDate "2009.08.08"]
[EventType "swiss"]
[EventRounds "7"]
[EventCountry "SVK"]
[SourceTitle "CBM 131 Extra"]
[Source "ChessBase"]
[SourceDate "2009.09.03"]
[SourceVersion "2"]
[SourceVersionDate "2009.09.16"]
[SourceQuality "1"]

1. d4 Nf6 2. Nf3 e6 3. e3 b6 4. Bd3 Bb7 5. Nbd2 c5 6. c3 Nc6 7. a3 Be7 8. 0-0 0-0 9. e4 d6 10. Re1 Rc8 11. Nf1 e5 12. d5 Nb8 13. Qe2 Re8 14. Ng3 g6 15. Bg5 Nxd5 16. Bh6 Nc7 17. Bc4 Ba6 18. Rad1 Bxc4 19. Qxc4 Bf6 20. Qd3 Re6 21. Qe3 Ne8 22. Re2 Bg7 23. Bxg7 Kxg7 24. Ng5 Re7 25. h4 Nd7 26. h5 Nf8 27. f4 exf4 28. Qxf4 Ne6 29. Nxe6+ Rxe6 30. e5 Qc7 31. exd6 Qd7 32. Rxe6 fxe6 33. Rf1 Nxd6 34. Rd1 Rd8 35. h6+ Kg8 36. Ne4 Qf7 37. Qe5 Rf8 38. Qxd6 Qf5 39. Qd7 Rf7 40. Qc6 Rf8 41. Qb7 Qf7 42. Qc6 Qf4 43. Qxe6+ Kh8 44. Re1 Qxh6 45. Nf6 Qf4 46. Rf1 Qc7 47. Rf3 Qd8 48. Qe5 Rf7 49. Nxh7+ Kg8 50. Nf6+ Kf8 51. Qg5 Qd1+ 52. Rf1 Qd3 53. Qe5 Qd8 54. Rf3 Qd1+ 55. Kh2 Qd8 56. Qf4 Qc7 57. Qxc7 Rxc7 58. Nd5+ Rf7 59. Rxf7+ Kxf7 60. Kg3 Ke6 61. c4 b5 62. Nc7+ 1-0

[Event "SVK-chT2B 0708"]
[Site "Slovakia"]
[Date "2007.10.06"]
[Round "1.6"]
[White "Kurtulik, Anton"]
[Black "Zahorsky, Robert"]
[Result "0-1"]
[WhiteElo "1904"]
[BlackElo "1963"]
[PlyCount "110"]
[EventDate "2007.10.06"]
[EventType "team-tourn"]
[EventRounds "11"]
[EventCountry "SVK"]
[SourceTitle "EXT 2010"]
[Source "ChessBase"]
[SourceDate "2010.11.25"]
[SourceVersion "1"]
[SourceVersionDate "2010.11.25"]
[SourceQuality "1"]
[WhiteTeam "Prievidza SK II"]
[BlackTeam "Tlmace SK"]
[WhiteTeamCountry "SVK"]
[BlackTeamCountry "SVK"]

1. d4 d5 2. e3 Nf6 3. c4 c6 4. Nf3 Bg4 5. h3 Bh5 6. Nbd2 e6 7. Qc2 Bg6 8. Bd3 Bxd3 9. Qxd3 Be7 10. 0-0 Nbd7 11. cxd5 exd5 12. a3 0-0 13. Re1 Re8 14. e4 dxe4 15. Nxe4 Nxe4 16. Rxe4 Nf6 17. Rh4 g6 18. Bg5 Nd5 19. Bxe7 Qxe7 20. Qd2 Qf6 21. Ng5 h5 22. g3 Qf5 23. Kg2 Ne3+ 24. fxe3 Qxg5 25. Re1 Re7 26. Qf2 Rae8 27. e4 Rd7 28. Rf4 Qe7 29. h4 Qe6 30. Kh2 Red8 31. Rd1 Qc4 32. e5 Qd5 33. Re1 Re8 34. Rfe4 f5 35. Rf4 Kg7 36. Qe2 Re6 37. Rc1 Qa2 38. Rc2 a6 39. Rd2 Qd5 40. b4 Rxe5 41. Qf2 Re4 42. Rxe4 fxe4 43. Qe3 Rf7 44. Re2 Re7 45. Rd2 Qc4 46. Qg5 Qe6 47. Qe3 Qg4 48. d5 cxd5 49. Qd4+ Kh7 50. Qxd5 e3 51. Qd6 Rf7 52. Qd5 Re7 53. Qd6 Qe4 54. Rd4 Qc2+ 55. Rd2 Qxd2+ 0-1

[Event "SVK-chT2B 0607"]
[Site "Slovakia"]
[Date "2006.12.17"]
[Round "6.6"]
[White "Kurtulik, Anton"]
[Black "Gunis, Juraj"]
[Result "0-1"]
[WhiteElo "1905"]
[BlackElo "2062"]
[PlyCount "80"]
[EventDate "2006.10.14"]
[EventType "team-tourn"]
[EventRounds "11"]
[EventCountry "SVK"]
[SourceTitle "EXT 2008"]
[Source "ChessBase"]
[SourceDate "2007.11.25"]
[SourceVersion "1"]
[SourceVersionDate "2007.11.25"]
[SourceQuality "1"]
[WhiteTeam "Prievidza II"]
[BlackTeam "Partizanske"]
[WhiteTeamCountry "SVK"]
[BlackTeamCountry "SVK"]

1. d4 Nf6 2. c4 g6 3. Nc3 Bg7 4. e4 d6 5. h3 0-0 6. Nf3 e5 7. d5 a5 8. Be3 Na6 9. a3 Bd7 10. Bd3 Qe8 11. 0-0 Nc5 12. Bxc5 dxc5 13. Rc1 Nh5 14. Nb5 Qc8 15. Kh2 Nf4 16. Ng1 f5 17. exf5 Nxd3 18. Qxd3 Bxf5 19. Qe3 b6 20. Rcd1 e4 21. Rd2 c6 22. dxc6 Qxc6 23. Rfd1 Be6 24. b3 a4 25. g3 Be5 26. Nd6 Bd4 27. Rxd4 cxd4 28. Rxd4 axb3 29. Nxe4 Rxa3 30. Nd6 Bc8 31. Nb5 Ra2 32. Ne2 Re8 33. Qd3 Raxe2 34. Rf4 Bb7 35. Qd5+ Qxd5 36. cxd5 Bxd5 37. Nc3 b2 38. Rb4 Rxf2+ 39. Kg1 Rc2 40. Nxd5 Re1# 0-1

[Event "SVK-chT2B 0506"]
[Site "Slovakia"]
[Date "2006.03.12"]
[Round "11.5"]
[White "Alaxa, Marek"]
[Black "Kurtulik, Anton"]
[Result "1-0"]
[WhiteElo "2009"]
[BlackElo "1913"]
[PlyCount "83"]
[EventDate "2005.10.22"]
[EventType "team-tourn"]
[EventRounds "11"]
[EventCountry "SVK"]
[SourceTitle "EXT 2008"]
[Source "ChessBase"]
[SourceDate "2007.11.25"]
[SourceVersion "1"]
[SourceVersionDate "2007.11.25"]
[SourceQuality "1"]

1. d4 d5 2. Nf3 Nf6 3. c4 c6 4. cxd5 cxd5 5. Nc3 a6 6. Bf4 Nc6 7. e3 Qb6 8. Qd2 e6 9. Bd3 Bb4 10. 0-0 h6 11. h3 Ne4 12. Qc2 f5 13. Ne5 0-0 14. Na4 Qd8 15. Nxc6 bxc6 16. Qxc6 Bd7 17. Qb6 Qe7 18. a3 Bd6 19. Bxd6 Nxd6 20. Nc5 Bb5 21. Qa5 Bxd3 22. Nxd3 Nc4 23. Qe1 Rf6 24. Qe2 Rb8 25. b4 Qd6 26. Ne5 Nxe5 27. dxe5 Qxe5 28. Qxa6 Rg6 29. Qd3 Qf6 30. Ra2 Qg5 31. f4 Qg3 32. Kh1 Ra8 33. Qd2 Qh4 34. b5 Rb8 35. a4 Rg3 36. Qe2 g5 37. Rf3 Rxf3 38. Qxf3 Qe1+ 39. Kh2 g4 40. hxg4 Rc8 41. gxf5 Rc1 42. Qg3+ 1-0

[Event "SVK-chT2B 0506"]
[Site "Slovakia"]
[Date "2006.02.11"]
[Round "8.6"]
[White "Kurtulik, Anton"]
[Black "Janco, Darius"]
[Result "0-1"]
[WhiteElo "1913"]
[BlackElo "1989"]
[PlyCount "91"]
[EventDate "2005.10.22"]
[EventType "team-tourn"]
[EventRounds "11"]
[EventCountry "SVK"]
[SourceTitle "EXT 2008"]
[Source "ChessBase"]
[SourceDate "2007.11.25"]
[SourceVersion "1"]
[SourceVersionDate "2007.11.25"]
[SourceQuality "1"]

1. d4 Nf6 2. c4 g6 3. Nc3 Bg7 4. e4 0-0 5. h3 c5 6. d5 d6 7. Bd3 Na6 8. a3 Rb8 9. Be3 Nc7 10. Qd2 a6 11. a4 Bd7 12. a5 b5 13. axb6 Rxb6 14. Nf3 Qb8 15. Ra2 e5 16. 0-0 Nh5 17. g4 Nf4 18. Bxf4 exf4 19. Rb1 f5 20. exf5 gxf5 21. g5 Rb3 22. Rba1 h6 23. Qxf4 hxg5 24. Qxd6 Rxb2 25. Nxg5 Rxa2 26. Rxa2 Qd8 27. Qg6 Rf6 28. Qh7+ Kf8 29. Qh4 Kg8 30. Re2 Be8 31. Qh7+ Kf8 32. Qh4 Kg8 33. Ne6 Nxe6 34. Kf1 Nf4 35. Re3 Bd7 36. d6 Rf8 37. Re7 Bc6 38. Qg3 Rf7 39. Re5 Qa5 40. Nd5 Bxd5 41. cxd5 Qa4 42. Re1 c4 43. d7 Rxd7 44. Qg5 Rf7 45. Bxc4 Qxc4+ 46. Kg1 0-1

[Event "SVK-chT2B 0506"]
[Site "Slovakia"]
[Date "2005.12.17"]
[Round "5.6"]
[White "Kurtulik, Anton"]
[Black "Srvatka, Igor"]
[Result "0-1"]
[WhiteElo "1913"]
[BlackElo "2108"]
[PlyCount "104"]
[EventDate "2005.10.22"]
[EventType "team-tourn"]
[EventRounds "11"]
[EventCountry "SVK"]
[SourceTitle "EXT 2008"]
[Source "ChessBase"]
[SourceDate "2007.11.25"]
[SourceVersion "1"]
[SourceVersionDate "2007.11.25"]
[SourceQuality "1"]

1. d4 Nf6 2. c4 e6 3. Nc3 Bb4 4. Qc2 b6 5. e4 d5 6. cxd5 exd5 7. e5 Ne4 8. Nf3 0-0 9. Bd3 f5 10. exf6 Nxf6 11. Bg5 Qe8+ 12. Kf1 Bxc3 13. Bxf6 Rxf6 14. bxc3 Ba6 15. Re1 Qg6 16. Ne5 Bxd3+ 17. Nxd3 Nc6 18. Qe2 Raf8 19. h4 Na5 20. f3 Nc4 21. Ne5 Nxe5 22. dxe5 Re6 23. Qd2 c6 24. Rh3 Qf5 25. g4 Qxg4 26. Qg2 Qxg2+ 27. Kxg2 Rf5 28. f4 Rxf4 29. Rg3 Rxh4 30. Kf3 Rc4 31. Re3 g6 32. Rg4 Rxg4 33. Kxg4 Kg7 34. Kf4 h6 35. Re2 Re8 36. Kg4 Re7 37. Kf4 Kf7 38. Rg2 Re8 39. Rg3 Rg8 40. c4 Ke6 41. cxd5+ cxd5 42. Rg2 g5+ 43. Kg4 Kxe5 44. Re2+ Kd4 45. Rd2+ Kc4 46. Rh2 d4 47. Rxh6 d3 48. Rd6 b5 49. Rc6+ Kb4 50. Kf3 Rd8 51. Rc1 d2 52. Rd1 Kc3 0-1